000 nam a22 7a 4500
999 _c234473
_d234473
003 Nust
005 20170321122300.0
008 170321b xxu||||| |||| 00| 0 eng d
020 _a9789351114758
040 _c0
082 _a020 GUP
100 _aGupta,Avdhesh Kumar
245 _aInformation Archiving
_cDr.Avdhesh Kumar Gupta
260 _aNew Delhi
_bRandom Publication
_c2015
300 _a289 p.
500 _aH.B
942 _2ddc
_cBK
_k020 GUP